Antología cósmica de Odette Alonso
Zapisane w:
| 1. autor: | |
|---|---|
| Format: | Książka |
| Język: | hiszpański |
| Wydane: |
Ciudad de México
Fuente de Afirmación Hispanista
2001
|
| Hasła przedmiotowe: | |
| Etykiety: |
Dodaj etykietę
Nie ma etykietki, Dołącz pierwszą etykiete!
|
MARC
| LEADER | 00000nam a2200000 a 4500 | ||
|---|---|---|---|
| 001 | UCN6592 | ||
| 003 | CL-VaPUC | ||
| 008 | 010928e20010000MX |||||||||||||||||spa|d | ||
| 082 | 0 | 4 | |a Cu861 |b ARI |2 21 |
| 100 | |a Arias de la Canal, Fredo |e author |9 452443 | ||
| 245 | 1 | 0 | |a Antología cósmica de Odette Alonso |
| 300 | |a 55 p | ||
| 942 | |c BK | ||
| 945 | |d 20010928 00:00:00 |a crobeson | ||
| 260 | |a Ciudad de México |b Fuente de Afirmación Hispanista |c 2001 | ||
| 650 | 7 | |a POESIAS CUBANAS - SIGLO 20 |2 CL-VaPUC |9 462256 | |
| 650 | 7 | |a LITERATURA CUBANA - SIGLO 20 |2 CL-VaPUC |9 462257 | |
| 583 | |a last modification |c 20010928 00:00:00 |k Rodrigo Vera | ||
| 999 | |c 297296 |d 297294 | ||
| 952 | |0 0 |1 0 |4 0 |6 CU_861_000000000000000_ARI_2001 |7 0 |8 A |9 351887 |a BIBEDU |b BIBEDU |d 2019-11-21 |i 3729966 |o Cu861 ARI 2001 |p 3729966 |r 2019-11-21 |w 2019-11-21 |y BK |k LIT | ||